00954nam a2200229 a 450000500170000000800410001704000250005804100080008309000130009110000260010424501900013026000790032030000110039965000290041065000300043965000240046965000160049366200220050994200130053199900150054495201650055920191224041622.0160826b1995 CK |||||rm||| 00| 0 spa d aCO-BoIAVHcCO-BoIAVH aspa aTEb00541 aRomero D., Luz Piedad10aEfecto del aprovechamiento forestal en bosques de la asociación catival sobre la estructura demográfica, el patrón de distribución espacial y el crecimiento de Carapa guianensis aBogotá:bPontificia Universidad Javeriana. Facultad de Ciencias, c1995. a120 p. aAprovechamiento forestal aEcología de poblaciones aRecursos forestales aCrecimiento aColombiabChocó cTESIS2z c2071d2071 00102z40708TESISIINV2017aBogotabBogotad2001-01-29eBaptiste, Luis Guillermol0oTE-0054p002567r2012-12-04 00:00:00tEj. 1w2012-12-04xDonacionyTESIS